000
00261nam a2200109Ia 4500
008
180117s9999 xx 000 0 und d
245
_a
Crossword
260
_c
2017
300
_a
26 pages, 2017 January 22
440
_a
Philippine Panorama
650
_a
CROSSWORD
999
_c
353640
_d
353640